• 首页
  • 本馆介绍
  • 公告通知
  • 最新文献
  • 馆藏检索
  • 电子资源
  • 读者导购
  • 参考咨询
  • 我的图书馆
  • 登录
  • 详细信息显示
  • 放入我的书架
  • 预约/预借图书
  • 作者相关作品
  • 分类相关作品
  • 丛书相关作品
  • 出版社相关作品

书目信息

  • 表格格式
  • 工作单格式
  • 卡片格式
题名:
清人别集总目
    
 
作者: 李灵年 , 杨忠 编
分册: 1   上
出版信息: 合肥   安徽教育出版社  2000
页数: 926页
开本: 26cm
丛书名:
单 册:
中图分类: Z88
科图分类:
主题词: 专题目录 , 专科目录
电子资源:
ISBN: 7-5336-2083-6
000 00668nam0 2200229 450
001 2558146264
005 20250901161402.36
010    @a7-5336-2083-6@dCNY187.00
100    @a20250901d2000 km y0chiy0120 ea
101 0  @achi
102    @aCN@b340000
200 1  @a清人别集总目@AQing Ren Bie Ji Zong Mu@h1@i上@f李灵年,杨忠编@FLi Ling Nian,Yang Zhong Bian
210    @a合肥@c安徽教育出版社@d2000
215    @a926页@d26cm
517 1  @a上@AShang
606 0  @a专题目录
606 0  @a专科目录
690    @aZ88@v4
701  0 @a李灵年@ALi Ling Nian@4编
701  0 @a杨忠@AYang Zhong@4编
801  0 @aCN@b大连网信软件有限公司图书馆·11@c20250901
905    @aZUCC@dZ88@e129:1
    
    清人别集总目.1.上/李灵年,杨忠编.-合肥:安徽教育出版社,2000
    926页;26cm
    
    
    ISBN 7-5336-2083-6:CNY187.00
    
●
相关链接 在E读中查询图书 在五车中查询图书 在当当中查询图书 在豆瓣中查询图书


正题名:清人别集总目     索取号:Z88/129:1         预约/预借

序号 登录号 条形码 馆藏地/架位号 状态 备注
1 1440065   214400655   第二样本阅览室/ [索取号:Z88/129:1] 已借出,限还日期为2035.08.31
借出人:王凯  
 
唐山师范学院图书馆 欢迎您!
大连网信软件有限公司© 版权所有